000 00994nam a2200289 a 4500
001 000014988
003 DO-SdBNP
005 20250307084910.0
008 100128s2006 dr c 000 0 spa d
020 _a9945858904
040 _aDO-SdBNP
_bspa
_cBNPHU
082 _a320.5
_bC389p
100 1 _aCedeño, Sergio
_96356
245 1 0 _aPensamientos y frases de Joaquín Balaguer /
_cSergio Cedeño.
260 _aSanto Domingo :
_bEdiciones IFP,
_c2006.
300 _a294 p. :
_bretrs. ;
_c23 cm.
500 _aIncluye datos biográficos del autor en la solapas
504 _aBibliografía: p. 291-294
590 _aInventariado,2018/DG
600 1 0 _a Balaguer, Joaquín,
_d1906-2002
_xPensamiento política y social
_976556
610 2 0 _aPartido Reformista Social Cristiano (República Dominicana)
_92630
650 1 0 _aIdeología
_99534
650 1 0 _aEnsayos dominicanos
_965
650 1 0 _aLiteratura dominicana.
_967
910 _aValidado. Control de calidad MFF
942 _2ddc
_cLBS1
999 _c14561
_d14561